000 00282nam a2200097Ia 4500
082 _aEF FOST
245 0 _aFlinx's folly : a Pip & Flinx novel
100 _a FOSTER, Alan Dean New York, 2003 1st ed
_999766
942 _cBK
008 210817s9999 xx 000 0 und d
999 _c424758
_d424757